| 000 | 01322nmm a2200361 a 4500 | ||
|---|---|---|---|
| 001 | ocm0002146666 | ||
| 003 | TR-IsHL | ||
| 005 | 20201028183637.0 | ||
| 008 | 190410s2019 tu tur | ||
| 007 | cr cn | ||
| 020 | _a9786059530835 | ||
| 035 |
_a2146666 _b(N$T) |
||
| 050 | 0 | 4 |
_aBF575.H27 _bC319 2019 |
| 090 | 0 | 4 |
_aBF575.H27 _bC319 2019 |
| 100 | 1 | _aCarlson, Richard | |
| 245 | 1 | 0 |
_aHer şeye rağmen mutlu olabilirsiniz!: Hayata bakış açınızı canlı tutmak için beş temel ilke _h[electronic resource] / _cRichard Carlson ; çeviren Görkem Bektaş ; editör Yusuf Yavuz |
| 250 | _a1. Baskı | ||
| 260 |
_aİstanbul : _bSalon yayınları, _c2019 |
||
| 300 | _a159 p. | ||
| 500 | _aEser özgün adı: you can be happy no matter what five principles for keeping life in perspective | ||
| 650 | 4 | _aFelsefe, Psikoloji ve Din | |
| 650 | 4 | _aPhilosophy, Psychology and Religion | |
| 650 | 0 | _aMutluluk | |
| 650 | 0 | _aHappiness | |
| 650 | 0 | _aKendini gerçekleştirme | |
| 650 | 0 | _aSelf-actualization (Psychology) | |
| 650 | 0 | _aBaşarı | |
| 650 | 0 | _aSuccess | |
| 650 | 7 |
_aSELF-HELP / Personal Growth / Happiness _2bisacsh |
|
| 700 | 1 | _aBektaş, Görkem | |
| 700 | 1 | _aYavuz, Yusuf | |
| 856 | 4 | 0 | _uhttp://search.ebscohost.com/login.aspx?direct=true&scope=site&db=e011xww&AN=2146666 |
| 999 |
_c20634 _d20634 |
||